| 000 | 00625nam a2200157 a 4500 | ||
|---|---|---|---|
| 008 | 071106s2001 ||||||||||||||||| || u | ||
| 020 | _a0821349031 | ||
| 050 | _aIBRD(02) | ||
| 245 | 0 | 0 |
_aSocial protection sector strategy from safety net to springboard _cThe World Bank |
| 260 |
_aWashington, D. C. _bWorld Bank _c2001 |
||
| 300 | _axvi, 76p.: ill. | ||
| 350 | _a0.00 | ||
| 650 | 0 | _aAFRICA--ECONOMIC CONDITIONS | |
| 650 | _aSOCIAL SECURITY--DEVELOPING COUNTRIES | ||
| 995 |
_D0.00 _FCBU-MAIN LIBRARY (Kitwe) _H1 _I0.00 _M1 _UAVAILABLE _WNov 6, 2007 _ZInternational Publications |
||
| 999 |
_c57724 _d57724 |
||